Shakespeare's tremor and Orwell's cough : (Record no. 210)

000 -LEADER
fixed length control field 01394cam a2200409 a 4500
001 - CONTROL NUMBER
control field 17391437
003 - CONTROL NUMBER IDENTIFIER
control field OSt
005 - DATE AND TIME OF LATEST TRANSACTION
control field 20210417113555.0
008 - FIXED-LENGTH DATA ELEMENTS--GENERAL INFORMATION
fixed length control field 120718s2012 nyua b 000 0 eng
010 ## - LIBRARY OF CONGRESS CONTROL NUMBER
LC control number 2012026577
020 ## - INTERNATIONAL STANDARD BOOK NUMBER
International Standard Book Number 9780312600761 (hardcover)
020 ## - INTERNATIONAL STANDARD BOOK NUMBER
International Standard Book Number 9781250012074 (ebook)
040 ## - CATALOGING SOURCE
Original cataloging agency DLC
Transcribing agency DLC
050 00 - LIBRARY OF CONGRESS CALL NUMBER
Classification number PR106
Item number .R59 2012
080 ## - UNIVERSAL DECIMAL CLASSIFICATION NUMBER
Universal Decimal Classification number 94
Item number R-80
082 00 - DEWEY DECIMAL CLASSIFICATION NUMBER
Classification number 820.9
Edition number 23
100 1# - MAIN ENTRY--PERSONAL NAME
Personal name Ross, John J.
Fuller form of name (John James),
Dates associated with a name 1966-
245 10 - TITLE STATEMENT
Title Shakespeare's tremor and Orwell's cough :
Remainder of title the medical lives of great writers /
Statement of responsibility, etc. John J. Ross, M.D.
250 ## - EDITION STATEMENT
Edition statement 1st ed.
260 ## - PUBLICATION, DISTRIBUTION, ETC.
Place of publication, distribution, etc. New York :
Name of publisher, distributor, etc. St. Martin's Press,
Date of publication, distribution, etc. 2012.
300 ## - PHYSICAL DESCRIPTION
Extent x, 291 p. :
Other physical details ill. ;
Dimensions 23 cm.
365 ## - TRADE PRICE
Price amount 24.99 usd
504 ## - BIBLIOGRAPHY, ETC. NOTE
Bibliography, etc. note Includes bibliographical references.
650 #0 - SUBJECT ADDED ENTRY--TOPICAL TERM
Topical term or geographic name entry element Authors, English
Form subdivision Biography.
650 #0 - SUBJECT ADDED ENTRY--TOPICAL TERM
Topical term or geographic name entry element Authors, English
General subdivision Health and hygiene.
650 #0 - SUBJECT ADDED ENTRY--TOPICAL TERM
Topical term or geographic name entry element Literature and medicine.
650 #0 - SUBJECT ADDED ENTRY--TOPICAL TERM
Topical term or geographic name entry element Authors, American
Form subdivision Biography.
650 #0 - SUBJECT ADDED ENTRY--TOPICAL TERM
Topical term or geographic name entry element Authors, American
General subdivision Health and hygiene.
650 #0 - SUBJECT ADDED ENTRY--TOPICAL TERM
Topical term or geographic name entry element Diseases and literature.
653 ## - INDEX TERM--UNCONTROLLED
Uncontrolled term ლიტერატურა
653 ## - INDEX TERM--UNCONTROLLED
Uncontrolled term ბიოგრაფია
653 ## - INDEX TERM--UNCONTROLLED
Uncontrolled term ჯანდაცვა
653 ## - INDEX TERM--UNCONTROLLED
Uncontrolled term ჰიგიენა
906 ## - LOCAL DATA ELEMENT F, LDF (RLIN)
a 7
b cbc
c orignew
d 1
e ecip
f 20
g y-gencatlg
942 ## - ADDED ENTRY ELEMENTS (KOHA)
Source of classification or shelving scheme
Koha item type Books
Edition 1
Holdings
Withdrawn status Lost status Source of classification or shelving scheme Damaged status Not for loan Permanent location Current location Date acquired Inventory number Full call number Barcode Date last seen Price effective from Koha item type
          Ken Walker International University Ken Walker International University 11/12/2020 219 94 R-80 219 11/12/2020 11/12/2020 Books

Powered by Koha